LEADER 01308nam a2200301 u 4500 001 000000063879 003 CaOOAMICUS 005 20070226121308.0 008 011109s1972 ph u000 u eng u 035 $a10909272 040 $aPUL(R)$bita 245 04$aThe Dublin papers on ecumenism :$bfourth congress of jesuit ecumenists /$cedited by Pedro S. De Achutegui. 260 $aManila :$bLoyola school of theology,$c1972. 300 $a211 p. ;$c23 cm 490 1 $aLogos (Ateneo de Manila University) ;$v8 490 1 $aCardinal Bea Studies ;$v2 500 $aContiene indice. 504 $aBibliografia in nota. 650 4$aEcumenismo.$0(OLS)http://pul/subject/995 700 1 $aAchutegui, Pedro S. de,$cS.I.$0(OLS)http://pul/name/42776 830 0$aLogos (Ateneo de Manila University) ;$v8.$0(OLS)http://pul/title/85143 830 0$aCardinal Bea Studies ;$v2.$0(OLS)http://pul/title/76422 850 $aPUL 852 $aPUL$W1$xSL Religione 1$y3$m75 O 84$j82845$nBK-PRI$b $qStampati$B82845$CPULBib$Z2$F82845 $H $81 941 1 $a8 961 $aINV: 61499 996 $6245$aThe Dublin papers on ecumenism :$bfourth congress of jesuit ecumenists$9(OLS)http://pul/title/85142 996 $6260$aManila :$bLoyola school of theology$9(OLS)http://pul/publisher/70729 LEADER 01206nam a2200313 a 4500 001 000000133531 003 CaOOAMICUS 005 20130411144404.0 008 130411s2001 it u000 u ita r 020 $a88-87307-20-2 040 $aPUL$bita 041 1 $aita$hfre 100 1 $aLatouche, Serge.$0(OLS)http://pul/name/86017 245 12$aL'invenzione dell'economia /$cSerge Latouche ; a cura di Pietro Montanari. 260 $aCasalecchio (Bo) :$bArianna,$c2001. 300 $a186 p. ;$c20 cm. 490 1 $aSegnavia 504 $aInclude riferimenti bibliografici e indici. 650 4$aEconomia$xStoria.$0(OLS)http://pul/subject/7360 700 1 $aMontanari, Pietro.$0(OLS)http://pul/name/86018 830 0$aSegnavia (Arianna).$0(OLS)http://pul/title/168777 850 $aPUL 852 $aPUL$W1$xDP1 Fondo E. Rossi$y115$m1 L 17$j153463$qFondi$B153033$CPULBib$Z2$F153033 $82 941 1 $a1 961 $aSul dorso collocazione ms. di E. Rossi: L 9 5 996 $6020$a88-87307-20-2$9(OLS)http://pul/number/152405 996 $6245$aL'invenzione dell'economia$9(OLS)http://pul/title/168778 996 $6260$aCasalecchio (Bo) :$bArianna$9(OLS)http://pul/publisher/82328 LEADER 01234nam a2200313 u 4500 001 000000061430 003 CaOOAMICUS 005 20070226121025.0 008 010907s1949 it u000 u ita u 035 $a10901739 040 $aPUL(R)$bita 041 1 $aita$hfre 100 1 $aBérulle, Pierre de,$ccard.,$d1575-1629.$0(OLS)http://pul/name/14995 245 13$aLe grandezze di MAria /$cPietro de Bérulle ; traduzione, introduzione e note del sac. Maurilio Andreoletti. 250 $a2. ed. 260 $aMilano :$bVita e pensiero,$c1949. 300 $axiv, 310 p. ;$c20 cm 490 1 $aBiblioteca ascetica ;$v21 504 $aBibliografia in nota. 600 04$aMaria Virgo,$cs.$0(OLS)http://pul/subject/500 700 1 $aAndreoletti, Maurilio.$0(OLS)http://pul/name/6158 830 0$aBiblioteca ascetica ;$v21.$0(OLS)http://pul/title/1016 850 $aPUL 852 $aPUL$W1$xDP2 Religione 1$y63$m66 A 22$j80038$nBK-PRI$qStampati$B80038$CPULBib$Z2$F80038 $H269 $81 941 1 $a8 960 $aMariologia$9500 960 $aMariologia$9500 996 $6245$aLe grandezze di MAria$9(OLS)http://pul/title/82015 996 $6260$aMilano :$bVita e pensiero$9(OLS)http://pul/publisher/48016